000 00663nam a2200229 a 4500
001 BRCA_6652
005 20190320205537.0
008 111011s1923----gw-ab#####---#000-0#ger-#
041 _ager
044 _agw
050 4 _aDB849
_b.W54 1923
245 1 0 _aWien und Umgebung.
250 _a25
260 _aBerlín
_bGriebens Risefuhrer
_c1923
300 _a104 p.
_bil., mapas
_c15 cm.
500 _aIncluye índice alfabético
500 _aEstado físico: Encuadernación rota
651 4 _aViena
_vGuías de viajeros
_xDescripción y viajes
_916657
651 4 _aAustria
_vGuías de viajeros
_xDescripción y viajes
_916658
902 _aGFM
942 _2lcc
_cB
999 _c6336
_d6336